| 000 -LEADER |
| fixed length control field |
00894pab a2200181 454500 |
| 008 - FIXED-LENGTH DATA ELEMENTS--GENERAL INFORMATION |
| fixed length control field |
180718b1999 xxu||||| |||| 00| 0 eng d |
| 100 ## - MAIN ENTRY--PERSONAL NAME |
| Personal name |
Tajalli, Hassan |
| 245 ## - TITLE STATEMENT |
| Title |
Meeting the challenge: state revenue raising |
| 260 ## - PUBLICATION, DISTRIBUTION, ETC. |
| Date of publication, distribution, etc. |
1999 |
| 300 ## - PHYSICAL DESCRIPTION |
| Extent |
p.1705-720 |
| 362 ## - DATES OF PUBLICATION AND/OR SEQUENTIAL DESIGNATION |
| Dates of publication and/or sequential designation |
Nov-Dec |
| 520 ## - SUMMARY, ETC. |
| Summary, etc. |
Recent trends in state tax revenue reveal that overall reliance of states on taxes have been declining for the last 43 years. Faced with reduction in tax revenues, states have restructured their tax systems to meet public demand for more services. State income taxes are the one type of tax that has risen consistently. What causes state policy makers to rely on this type of tax? This research addresses this question. - Reproduced |
| 650 ## - SUBJECT ADDED ENTRY--TOPICAL TERM |
| Topical term or geographic name entry element |
Revenue |
| 650 ## - SUBJECT ADDED ENTRY--TOPICAL TERM |
| Topical term or geographic name entry element |
Public finance |
| 700 ## - ADDED ENTRY--PERSONAL NAME |
| Personal name |
Soto, William De |
| 773 ## - HOST ITEM ENTRY |
| Main entry heading |
International Journal of Public Administration |
| 909 ## - |
| -- |
42701 |